000
00309nam a22001457a 4500
008
180919b xxu||||| |||| 00| 0 eng d
020
_a
9780801311062
041
_a
eng
080
_a
658
082
_a
658
100
_a
54
101
_a
LID
245
_a
Reframing & Reform
_c
Carlson,R.V
942
_2
udc
_c
BK
999
_c
48038
_d
48038